000 00642nam a2200229Ia 4500
003 OSt
005 20220927104554.0
006 a|||||r|||| 00| 0
007 ta
008 220926b |||||||| |||| 00| 0 eng d
024 _a147479
037 _cReference Collections
040 _aRTL
_cRTL
_beng
041 _2eng
_aeng
082 _a"X655.1(X).N7, L9"
100 _aBillerbeck K
_9366523
245 0 _aPrivate Direct foreign investment in developing co
260 _c1979
700 _a Yasugi Y
_9366524
942 _h"X655.1(X).N7, L9"
_cCC
999 _c688064
_d688064